Most Streamed Pop Artists On Spotify - Statistics

General Stats
  • This quiz has been taken 126 times
  • The average score is 6 of 16
Answer Stats
# Artist Streams % Correct
1 Taylor Swift 91.8B
96%
2 The Weeknd 62.1B
68%
4 Ariana Grande 47.9B
63%
5 Justin Bieber 44.5B
56%
13 Lady Gaga 23.4B
54%
7 Rihanna 34.5B
54%
9 Bruno Mars 29.3B
49%
3 Ed Sheeran 49.9B
49%
14 Harry Styles 23.0B
30%
8 Dua Lipa 33.1B
25%
6 Post Malone 42.1B
25%
11 Shawn Mendes 24.7B
20%
15 One Direction 22.3B
18%
16 Shakira 21.3B
14%
10 Maroon 5 27.8B
12%
12 Sam Smith 24.2B
4%
No matching quizzes found
Score Distribution
Percent of People with Each Score
Percentile by Number Answered
Your Score History
You have not taken this quiz